| 000 | 00364nam a2200145Ii 4500 | ||
|---|---|---|---|
| 003 | URS | ||
| 008 | 240419s9999 xx 000 0 und d | ||
| 245 | 0 | _a Strategic marketing management | |
| 245 | 0 | _cBanaag, F.B. | |
| 264 | _c2018 | ||
| 336 |
_atext _btxt _2rdacontent |
||
| 337 |
_aunmediated _bn _2rdamedia |
||
| 338 |
_avolume _bnc _2rdacarrier |
||
| 942 |
_cBK _2lcc |
||
| 999 |
_c79322 _d79321 |
||